000 005060000a22001810004500
020 _a0-311-15044-6
041 0 _aSPA
082 0 4 _aG 266.09 P3171b
100 1 _aPatterson, Frank W.
245 1 0 _aBreve historia de la obra misionera cristiana / Frank W. Patterson
260 _aEl Paso, TX., USA : Casa Bautista de Publicaciones
300 _a146 Pag
001 7647
942 _cBK
999 _c37853
_d37853
336 _atexto
_btxt
_2rdacontent
337 _2rdamedia
_asin mediación
_bn
338 _2rdacarrier
_avolumen
_bnc